000 00490cam a2200145 4500500
005 20251228082910.0
041 _afre
042 _adc
100 1 0 _aBardout, Jean-Christophe
_eauthor
245 0 0 _aMalebranche et la situation métaphysique de la morale.
260 _c2005.
500 _a5
786 0 _nDix-septième siècle | 226 | 1 | 2005-03-01 | p. 95-109 | 0012-4273
856 4 1 _uhttps://shs.cairn.info/revue-dix-septieme-siecle-2005-1-page-95?lang=fr&redirect-ssocas=7080
999 _c1600064
_d1600064